| 000 | 00916nam a22002897a 4500 | ||
|---|---|---|---|
| 003 | CHAP | ||
| 005 | 20220329140257.0 | ||
| 008 | 971013s1968 r 00010 d | ||
| 010 | _a49628 | ||
| 011 | _a50600 | ||
| 035 | _a54750 | ||
| 040 | _cCHAP | ||
| 090 | _aFolleto 5839 | ||
| 100 | 0 | 0 |
_aRobles Gutiérrez, Leonel H. _998081 |
| 245 | _aEducación agrícola superior en México, 1968 | ||
| 260 |
_aMonterrey, N. L. : _bAsociación Latinoamericana de Educación Agrícola Superior, _c1968 |
||
| 300 | _a35 h. | ||
| 590 |
_aBATCH-UPD _b10 _c20130110 _lUCH01 _h1926 |
||
| 590 |
_aBATCH-UPD _b10 _c20130410 _lUCH01 _h1251 |
||
| 590 |
_aBATCH-UPD _b10 _c20130914 _lUCH01 _h1237 |
||
| 590 |
_aCONVERSION _b10 _c20130109 _lUCH01 _h1327 |
||
| 650 | 1 | 4 |
_aEducación agrícola. _935491 |
| 650 | 1 | 4 |
_aEducación _xMéxico. _935466 |
| 901 | _aBK | ||
| 942 | _cFOLL | ||
| 949 |
_aFolleto 5839 _bBC _cFOLL _d-120606 _eTS1 _i54750 _si |
||
| 999 |
_c49628 _d49628 |
||